MARC

LEADER 00000nab a2200000 a 4500
001 vtls000746694
003 SK-MaSNL
005 20260319124740.0
008 250429c2000 xo 0 slo
015 |a SNBRB2001/03-07396 
035 |a CLN000098525 
035 |a urn:nbn:sk:snk-ab6spr 
035 |a (uuid)212aeec9-aab3-4e16-8117-03ef5cb1f001 
035 |a (urnnbn)urn:nbn:sk:snk:ar-a05o1l 
035 |a (sysno)vtls000746694 
040 |a SNKBUCL  |b slo  |c SNKBUCL  |e AACR2 
041 0 |a slo 
044 |a xo  |c SK 
080 |a 616.24-008.47  |2 1997 
100 1 |a Hruškovič, Boris  |4 aut  |9 1635170 
245 1 0 |a Ťažko kontrolovateľná astma  |c B. Hruškovič, P. Čižnár 
246 1 1 |a Difficult-to-control asthma 
300 |b Obr. 
504 |a Res. angl., slov. 
504 |a Bibliogr. odkazy 
650 0 7 |a astma  |2 snkbucl  |9 2427 
650 0 7 |a syndróm Churgov-Straussovej  |2 snkbucl  |9 845674 
650 0 7 |a reflux gastroezofagálny  |2 snkbucl  |9 857214 
650 0 7 |a Chlamydia pneumoniae  |2 snkbucl  |9 861981 
650 0 7 |a terminológia  |2 snkbucl  |9 3617 
650 0 7 |a klasifikácia  |2 snkbucl  |9 3849 
650 0 7 |a Chlamydia pneumoniae  |x klasifikácia  |x patogenita  |2 snkbucl  |9 1596024 
650 0 7 |a reflux gastroezofagálny  |x diagnóza  |2 snkbucl  |9 1596025 
650 0 7 |a Churgov-Straussov syndróm  |x klasifikácia  |x diagnóza  |2 snkbucl  |9 1596026 
650 0 7 |a astma  |x patofyziológia  |x diagnóza  |2 snkbucl  |9 1596027 
655 7 |a články z novín a časopisov  |2 snkbucl  |9 267496 
700 1 |a Čižnár, P.  |4 aut  |9 775620 
773 0 |t Respiro  |g Roč. 2, č. 4 (2000), s. 7-13  |x 1335-3985 
850 |a Slovenská národná knižnica 
852 |a Slovenská národná knižnica 
958 |a article27 
958 |a OND 
958 |a MI 
958 |a NB 
958 |a EUIPO 
999 |c 3280539  |d 3282469